000
00257nam a2200097Ia 4500
001
685006
005
20250826161509.0
008
250824s9999 xx 000 0 und d
245
0
_a
BİN MUHTEŞEM GÜNEŞ/K.HOSSEINI/EVEREST
_c
KHALED HOSSEINI
260
_b
EVEREST
999
_c
685006
_d
685006